[Event "Mar del Plata"]
[Site "?"]
[Date "1982.??.??"]
[Round "?"]
[White "Larsen, Bent"]
[Black "Andersson, Ulf"]
[Result "1/2-1/2"]
[WhiteElo "2605"]
[BlackElo "2605"]
[PlyCount "155"]
[EventDate "1982.??.??"]
[Source "www.chesslib.no"]
[SourceDate "2004.05.04"]

1. c4 Nf6 2. Nc3 e6 3. Nf3 b6 4. g3 Bb7 5. Bg2 Be7 6. O-O O-O 7. b3 d5 8. Ne5 Nbd7 9. d4 Ne4 10. Nxe4 dxe4 11. Qc2 f5 12. Nxd7 Qxd7 13. Bb2 Rad8 14. Rad1 Rf7 15. f3 exf3 16. exf3 Bf6 17. Rfe1 Re7 18. Bc3 Qe8 19. Re3 Qf7 20. Qe2 Red7 21. Rxe6 c5 22. Qe1 cxd4 23. Bb2 h5 24. Rd3 h4 25. Re2 Qg6 26. f4 Bxg2 27. Kxg2 hxg3 28. Qxg3 Qf7 29. Qf3 Re8 30. Kf1 Rxe2 31. Qxe2 Re7 32. Qd1 Re4 33. Bxd4 Rxf4+ 34. Bf2 Bh4 35. Rf3 Rxf3 36. Qxf3 Bxf2 37. Kxf2 Qd7 38. Qe3 Kf7 39. h4 Qd6 40. Kg2 Qg6+ 41. Kf1 Qg4 42. Qf2 Qe4 43. Kg1 Ke6 44. Kh2 g6 45. Kg3 Qg4+ 46. Kh2 Kd6 47. a4 Qe4 48. a5 bxa5 49. Qxa7 Qxh4+ 50. Kg2 Qe4+ 51. Kg3 Qe1+ 52. Kg2 Qd2+ 53. Kg3 Qe1+ 54. Kg2 Qd2+ 55. Kf3 Qd1+ 56. Kf2 Qc2+ 57. Ke1 Qc1+ 58. Ke2 Qb2+ 59. Ke1 Qc3+ 60. Ke2 Qxb3 61. Qd4+ Ke6 62. Qd5+ Kf6 63. Qd8+ Ke5 64. Qxa5+ Kf4 65. Qc7+ Kg4 66. c5 Qc2+ 67. Ke3 Qc3+ 68. Ke2 f4 69. Qd7+ Kg3 70. Qd6 g5 71. Kd1 Qb3+ 72. Kd2 Qe3+ 73. Kc2 Qe4+ 74. Kc3 Kg2 75. c6 f3 76. c7 Qe3+ 77. Kc2 Qe2+ 78. Qd2 1/2-1/2

[Event "URS-ch43"]
[Site "Yerevan"]
[Date "1975.??.??"]
[Round "?"]
[White "Polugaevsky, Lev"]
[Black "Balashov, Yuri S"]
[Result "0-1"]
[WhiteElo "2645"]
[BlackElo "2540"]
[PlyCount "120"]
[EventDate "1975.??.??"]
[Source "ChessBase"]

1. c4 Nf6 2. Nc3 e6 3. Nf3 b6 4. e4 Bb7 5. d3 d6 6. g3 Be7 7. Bg2 c5 8. O-O O-O 9. Ne1 Nc6 10. f4 a6 11. g4 b5 12. b3 Ne8 13. Rb1 Nc7 14. Be3 Rb8 15. Nc2 Qd7 16. Qd2 d5 17. exd5 exd5 18. Nxd5 Nxd5 19. Bxd5 Qxg4+ 20. Qg2 Qxg2+ 21. Kxg2 Rfd8 22. Bf2 Bd6 23. Rbd1 Rd7 24. Kf3 Bf8 25. Kg3 Rbd8 26. Rd2 Rxd5 27. cxd5 Rxd5 28. Ne3 Rd6 29. Ng4 Rg6 30. f5 Bd6+ 31. Kh4 Ne5 32. Nxe5 Be7+ 33. Kh5 Rg5+ 34. Kh4 Rg2+ 35. Kh3 Rg5 36. Bg3 f6 37. Nf3 Rxf5 38. Rdf2 g5 39. Nd2 Rd5 40. Ne4 f5 41. Rxf5 Bc8 42. Kg4 Kg7 43. Bd6 Bd8 44. h4 gxh4 45. Bf8+ Kg6 46. Nd6 Bd7 47. a4 Bg5 48. R1f3 Re5 49. axb5 axb5 50. Kh3 Bxf5+ 51. Nxf5 Rxf5 52. Rxf5 Kxf5 53. Bxc5 Kf4 54. Bf2 Kf3 55. Bc5 Be3 56. Be7 Ke2 57. Kxh4 Kxd3 58. Kh5 Kc3 59. Bd8 Kxb3 60. Ba5 Kc4 0-1

[Event "Niksic"]
[Site "Niksic"]
[Date "1978.??.??"]
[Round "10"]
[White "Portisch, Lajos"]
[Black "Andersson, Ulf"]
[Result "1/2-1/2"]
[WhiteElo "2630"]
[BlackElo "2545"]
[PlyCount "37"]
[EventDate "1978.06.??"]
[Source "ChessBase"]

1. c4 Nf6 2. Nc3 e6 3. Nf3 b6 4. e4 Bb7 5. d3 c5 6. g3 Be7 7. Bg2 O-O 8. O-O a6 9. Re1 d6 10. b3 Nc6 11. Bb2 Nd7 12. d4 cxd4 13. Nxd4 Ra7 14. Re2 Re8 15. Rd2 Nxd4 16. Rxd4 Qb8 17. Rc1 Ba8 18. Rc2 Rc8 19. a4 1/2-1/2

[Event "Soviet Union"]
[Site "Soviet Union"]
[Date "1974.??.??"]
[Round "?"]
[White "Vaganian, Rafael A"]
[Black "Polugaevsky, Lev A"]
[Result "1/2-1/2"]
[WhiteElo "2540"]
[BlackElo "2630"]
[PlyCount "61"]
[EventDate "1974.??.??"]
[Source "www.chesslib.no"]
[SourceDate "2004.05.04"]

1. c4 Nf6 2. Nc3 e6 3. Nf3 b6 4. e4 Bb7 5. Qe2 d6 6. d4 Be7 7. g3 O-O 8. Bg2 c5 9. e5 Nfd7 10. exd6 Bxd6 11. Ne4 Be7 12. O-O Nf6 13. Nxf6+ Bxf6 14. dxc5 bxc5 15. Be3 Qe7 16. Rad1 Nc6 17. b3 Rad8 18. Nd2 Bd4 19. f4 Rd7 20. Nf3 Rfd8 21. Bxd4 Nxd4 22. Nxd4 Rxd4 23. Rxd4 Rxd4 24. Bxb7 Qxb7 25. f5 Re4 26. Rd1 h6 27. Qf2 Qe7 28. fxe6 Rxe6 29. Qd2 Kh7 30. Rf1 g6 31. a3 1/2-1/2

[Event "Yerevan"]
[Site "Erevan ARM"]
[Date "1976.??.??"]
[Round "?"]
[White "Smejkal, Jan"]
[Black "Gulko, Boris F"]
[Result "1-0"]
[WhiteElo "2615"]
[BlackElo "2530"]
[PlyCount "71"]
[EventDate "1976.??.??"]
[Source "www.chesslib.no"]
[SourceDate "2004.05.04"]

1. c4 Nf6 2. Nc3 e6 3. Nf3 b6 4. e4 Bb7 5. Bd3 c5 6. e5 Ng4 7. O-O d6 8. Be4 Bxe4 9. Nxe4 Nc6 10. Qa4 Qd7 11. exd6 Nge5 12. Nxe5 Nxe5 13. Qb3 f5 14. d4 Nc6 15. Nxc5 bxc5 16. dxc5 g6 17. Rb1 Bg7 18. Qa4 Nd4 19. Qd1 O-O 20. b4 e5 21. Bb2 Qc6 22. Re1 g5 23. Bxd4 exd4 24. Qf3 Qxf3 25. gxf3 Rfd8 26. Re7 Bf6 27. Rb7 d3 28. Rd1 a5 29. b5 Rac8 30. Rc7 Bd4 31. Rxc8 Rxc8 32. d7 Rd8 33. c6 Bb6 34. c5 Bxc5 35. c7 Bb6 36. c8=Q 1-0

[Event "Europa ch 2008"]
[Site "Plovdiv BUL"]
[Date "2008.04.27"]
[Round "7.39"]
[White "Kempinski, Robert"]
[Black "Romanov, Evgeny"]
[Result "1/2-1/2"]
[WhiteElo "2595"]
[BlackElo "2547"]
[PlyCount "52"]
[EventDate "2008.04.21"]
[Source "www.chesslib.no"]
[SourceDate "2004.05.04"]

1. c4 Nf6 2. Nc3 e6 3. Nf3 b6 4. e4 Bb7 5. Bd3 d6 6. Bc2 c5 7. d4 cxd4 8. Nxd4 Be7 9. O-O O-O 10. Qe2 Nc6 11. Nxc6 Bxc6 12. Rd1 Qc7 13. Bf4 Rfd8 14. Rac1 Qb7 15. b4 Rac8 16. a3 Be8 17. Bd3 Qa8 18. Bg5 a5 19. Be3 axb4 20. axb4 Qb8 21. Ra1 d5 22. exd5 Bxb4 23. Bd4 Nxd5 24. Nxd5 exd5 25. cxd5 Bc5 26. Qe4 Bxd4 1/2-1/2

[Event "Mar del Plata"]
[Site "Mar del Plata"]
[Date "1982.??.??"]
[Round "?"]
[White "Quinteros, Miguel A"]
[Black "Andersson, Ulf"]
[Result "1/2-1/2"]
[WhiteElo "2505"]
[BlackElo "2635"]
[PlyCount "39"]
[EventDate "1982.02.??"]
[Source "www.chesslib.no"]
[SourceDate "2004.05.04"]

1. c4 Nf6 2. Nc3 e6 3. Nf3 b6 4. e4 Bb7 5. Qe2 Bb4 6. d3 O-O 7. Bg5 h6 8. Bh4 Be7 9. e5 Nh7 10. Bxe7 Qxe7 11. d4 d6 12. Qe3 Nd7 13. O-O-O Rfd8 14. exd6 Qxd6 15. Bd3 Nhf6 16. Nb5 Qc6 17. Kb1 a6 18. Nc3 Qd6 19. Bc2 c5 20. Ne4 1/2-1/2

[Event "Konex"]
[Site "Buenos Aires"]
[Date "1979.??.??"]
[Round "8"]
[White "Kortschnoj, Viktor"]
[Black "Trois, Francisco RT"]
[Result "1-0"]
[WhiteElo "2695"]
[BlackElo "2415"]
[PlyCount "85"]
[EventDate "1979.07.??"]
[Source "ChessBase"]

1. c4 Nf6 2. Nc3 e6 3. Nf3 b6 4. e4 Bb7 5. Bd3 c5 6. O-O d6 7. Bc2 Be7 8. d4 cxd4 9. Nxd4 O-O 10. b3 a6 11. a4 Nc6 12. Nxc6 Bxc6 13. Qd3 Qc7 14. Bb2 g6 15. Rac1 Nd7 16. Qe3 Bb7 17. Rfd1 Rfe8 18. Qd4 Nf6 19. Ba3 Red8 20. h3 Rab8 21. Qe3 Bf8 22. Bb1 Rd7 23. Ne2 Ba8 24. Bb2 Bg7 25. Rd2 Qb7 26. f3 Rbd8 27. Bd4 Rb8 28. Rcd1 Ne8 29. Bxg7 Kxg7 30. e5 d5 31. cxd5 exd5 32. e6 fxe6 33. Nf4 Nc7 34. Rc1 Re8 35. Qe5+ Kg8 36. h4 Ree7 37. h5 gxh5 38. Rdc2 b5 39. Nxh5 Qb6+ 40. Kh1 Ne8 41. Rc8 Qf2 42. Nf6+ Kf7 43. Nxd7 1-0

[Event "GER CupT"]
[Site "GER"]
[Date "1994.??.??"]
[Round "2"]
[White "Uhlmann, Wolfgang"]
[Black "Vaganian, Rafael A"]
[Result "0-1"]
[WhiteElo "2475"]
[BlackElo "2625"]
[PlyCount "126"]
[EventDate "1994.??.??"]
[Source "www.chesslib.no"]
[SourceDate "2004.05.04"]

1. c4 Nf6 2. Nc3 e6 3. Nf3 b6 4. e4 Bb7 5. Bd3 d6 6. Bc2 c5 7. O-O Be7 8. d4 cxd4 9. Nxd4 O-O 10. b3 a6 11. Bb2 Nbd7 12. Re1 g6 13. Qf3 Re8 14. Rad1 Bf8 15. Qh3 Qc7 16. Qg3 Rac8 17. Bb1 Qb8 18. h3 Ba8 19. a4 Nc5 20. Bc2 Bg7 21. Ba1 Red8 22. Qe3 Qb7 23. Nf3 Ne8 24. Re2 Qe7 25. Red2 Qf8 26. Qe1 Bh6 27. Re2 Nf6 28. a5 bxa5 29. Na4 e5 30. Nb6 Rb8 31. Nxa8 Rxa8 32. Qxa5 Qe7 33. Ree1 Nb7 34. Qa3 Qc7 35. Bc3 Qc6 36. Nh2 Bf8 37. Qa1 a5 38. Ng4 Nxg4 39. hxg4 Qc8 40. Rd5 Qxg4 41. Bxa5 Rdc8 42. Qc3 Nc5 43. Bb6 Nd7 44. f3 Qe6 45. Be3 Be7 46. Red1 Nf6 47. Ra5 Nh5 48. Rxa8 Rxa8 49. Ra1 Rc8 50. Qd2 Qf6 51. Bd3 Ng3 52. Bf2 Qh4 53. Bxg3 Qxg3 54. Qf2 Qg5 55. b4 Qh6 56. g3 Bg5 57. Kg2 Be3 58. Qe1 Qg5 59. Ra6 Bd2 60. Qb1 h5 61. Kh3 Kg7 62. Be2 h4 63. g4 Rxc4 0-1

[Event "Madrid"]
[Site "Madrid"]
[Date "1973.??.??"]
[Round "13"]
[White "Uhlmann, Wolfgang"]
[Black "Furman, Semen Abramovich"]
[Result "0-1"]
[WhiteElo "2560"]
[BlackElo "2540"]
[PlyCount "142"]
[EventDate "1973.??.??"]
[Source "ChessBase"]

1. c4 Nf6 2. Nc3 e6 3. Nf3 b6 4. e4 Bb7 5. Qe2 Bb4 6. e5 Ng8 7. d4 d6 8. Bd2 dxe5 9. dxe5 Na6 10. O-O-O Qe7 11. g3 O-O-O 12. Bg2 Nc5 13. Bg5 f6 14. Rxd8+ Qxd8 15. Rd1 Qe8 16. exf6 gxf6 17. Bd2 Ne7 18. Bh3 Kb8 19. Ne1 Nc6 20. Nc2 Qg6 21. Bf1 Re8 22. h4 h5 23. Be1 e5 24. Ne4 Ne6 25. Bxb4 Nxb4 26. Nxb4 Bxe4 27. Qe3 a5 28. Nd5 Nc5 29. Nc3 Bc6 30. Be2 Qf5 31. Nd5 Kb7 32. Qf3 Qxf3 33. Bxf3 Rh8 34. b3 Ne6 35. Be4 Rh6 36. Nc3 Nd4 37. Kd2 f5 38. Bxc6+ Kxc6 39. Ke3 Nc2+ 40. Ke2 Nd4+ 41. Ke3 Rg6 42. Nd5 Kd6 43. Kd3 b5 44. Ne3 b4 45. c5+ Ke6 46. c6 Rg8 47. Kc4 Nxc6 48. Rd5 f4 49. gxf4 exf4 50. Nf5 Rg1 51. Nd4+ Nxd4 52. Rxd4 Rc1+ 53. Kb5 Ke5 54. Rd2 Ke4 55. Kxa5 c5 56. Kb5 Kf3 57. Kc6 Kg4 58. Rd8 Kxh4 59. Rg8 Kh3 60. Kd5 Rf1 61. Kxc5 Rxf2 62. Rf8 h4 63. Kxb4 Kg2 64. Rg8+ Kh2 65. a4 f3 66. a5 h3 67. a6 Ra2 68. Rf8 Kg2 69. Rg8+ Kh1 70. Rf8 h2 71. a7 Rxa7 0-1

[Event "Russian Cup"]
[Site "?"]
[Date "1998.07.04"]
[Round "6"]
[White "Ibragimov Ildar"]
[Black "Zagrebelny Sergey"]
[Result "1/2-1/2"]
[WhiteElo "2590"]
[BlackElo "2485"]
[PlyCount "98"]
[EventDate "1998.??.??"]
[Source "www.chesslib.no"]
[SourceDate "2004.05.04"]

1. c4 Nf6 2. Nc3 e6 3. Nf3 b6 4. e4 Bb7 5. Qe2 c5 6. e5 Ng8 7. d4 Bxf3 8. Qxf3 Nc6 9. dxc5 Bxc5 10. Qg3 Kf8 11. Be3 Nge7 12. Bd3 Qc7 13. f4 a5 14. O-O g6 15. a3 Nf5 16. Bxc5+ bxc5 17. Qf2 Ncd4 18. Ne4 h5 19. b4 cxb4 20. axb4 Kg7 21. Rfb1 Rhb8 22. Nc5 g5 23. Bxf5 Nxf5 24. b5 Rc8 25. Na4 Qxc4 26. Nb6 Qe4 27. Nxa8 Rxa8 28. b6 a4 29. Rd1 Qb7 30. Rac1 Ra6 31. Rc7 Qxb6 32. Qxb6 Rxb6 33. Rdxd7 Nh6 34. Rb7 Rc6 35. Rdc7 Ra6 36. Ra7 Rb6 37. Rcb7 Rc6 38. Rxa4 Rc1+ 39. Kf2 Rc2+ 40. Kf3 Rc3+ 41. Kf2 Rc2+ 42. Kf1 Rc1+ 43. Ke2 Rc2+ 44. Kd3 Rxg2 45. Ra6 Rxh2 46. Re7 Rh3+ 47. Ke2 Rh2+ 48. Kf3 Rh3+ 49. Kg2 Rh4 1/2-1/2

[Event "HUN-chT 9899"]
[Site "?"]
[Date "1999.??.??"]
[Round "?"]
[White "Czebe Attila"]
[Black "Chernin Alexander"]
[Result "1/2-1/2"]
[WhiteElo "2455"]
[BlackElo "2610"]
[PlyCount "103"]
[EventDate "1999.??.??"]
[Source "www.chesslib.no"]
[SourceDate "2004.05.04"]

1. c4 Nf6 2. Nc3 e6 3. Nf3 b6 4. e4 Bb7 5. Qc2 c5 6. e5 Ng4 7. h3 Nh6 8. Ne4 Nc6 9. g4 d5 10. cxd5 Qxd5 11. Bc4 Nd4 12. Nxd4 Qxe4+ 13. Qxe4 Bxe4 14. f3 Bb7 15. Bb5+ Kd8 16. Nc2 Ng8 17. Kf2 a6 18. Be2 Ne7 19. d4 Nd5 20. Rd1 Rc8 21. Kg3 c4 22. Ne3 Nxe3 23. Bxe3 Bd5 24. b3 cxb3 25. axb3 a5 26. Bc4 h6 27. f4 Bb4 28. f5 Ke7 29. Rac1 Rhd8 30. Bxd5 Rxc1 31. Rxc1 Rxd5 32. Rc7+ Rd7 33. f6+ gxf6 34. exf6+ Kd8 35. Rxd7+ Kxd7 36. Kf3 b5 37. Bxh6 a4 38. bxa4 bxa4 39. Bc1 a3 40. g5 a2 41. Bb2 Be1 42. Kg4 Kc6 43. g6 fxg6 44. f7 Bb4 45. Kg5 Kd5 46. Ba1 Kc4 47. Kxg6 Bc3 48. f8=Q Bxa1 49. Qc5+ Kb3 50. Qb5+ Ka3 51. Qa6+ Kb3 52. Qxe6+ 1/2-1/2

[Event "It (Open) INT"]
[Site "?"]
[Date "2006.05.06"]
[Round "?"]
[White "Bareev Evgeny"]
[Black "Pogromsky Mikhail"]
[Result "0-1"]
[WhiteElo "2701"]
[BlackElo "2363"]
[PlyCount "98"]
[EventDate "2006.??.??"]
[Source "www.chesslib.no"]
[SourceDate "2004.05.04"]

1. c4 Nf6 2. Nc3 e6 3. Nf3 b6 4. g3 Bb7 5. Bg2 Be7 6. O-O O-O 7. Re1 Ne4 8. Nxe4 Bxe4 9. d3 Bb7 10. e4 c5 11. d4 cxd4 12. Nxd4 Nc6 13. Nc2 Ne5 14. b3 Bf6 15. Rb1 Rc8 16. Bb2 d6 17. Qe2 Ng6 18. Bxf6 Qxf6 19. Red1 e5 20. Ne3 Rfd8 21. Rd3 Ne7 22. Rbd1 Nc6 23. Qd2 Nd4 24. Kh1 Qg6 25. f3 Qf6 26. a4 Nxf3 27. Qf2 Nd4 28. Qxf6 gxf6 29. Nf5 Nxf5 30. exf5 Bxg2+ 31. Kxg2 Rc6 32. Kf3 Kf8 33. Re1 Ke7 34. Re4 Rg8 35. Rh4 Rg5 36. Ke4 h5 37. Rd5 Rc8 38. a5 Rb8 39. Rb5 Kd7 40. a6 Kc6 41. Rd5 b5 42. cxb5+ Rxb5 43. Rxb5 Kxb5 44. Kd5 Rxf5 45. Kxd6 Kxa6 46. Ke7 e4 47. Kxf7 e3 48. Rc4 e2 49. Ra4+ Kb5 0-1

[Event "Quebec Open"]
[Site "Quebec CAN"]
[Date "1983.??.??"]
[Round "6"]
[White "Spraggett, Kevin B"]
[Black "Ivanov, Igor V"]
[Result "1-0"]
[WhiteElo "2495"]
[BlackElo "2530"]
[PlyCount "105"]
[EventDate "1983.??.??"]
[Source "www.chesslib.no"]
[SourceDate "2004.05.04"]

1. c4 Nf6 2. Nc3 e6 3. Nf3 b6 4. e4 Bb7 5. Bd3 d6 6. Bc2 c5 7. d4 cxd4 8. Nxd4 Be7 9. O-O O-O 10. b3 Nc6 11. Bb2 a6 12. Nxc6 Bxc6 13. Qd3 b5 14. Nd5 bxc4 15. bxc4 e5 16. Ba3 Bxd5 17. cxd5 Qa5 18. Rab1 Rfb8 19. Rb3 Bf8 20. Rfb1 Rxb3 21. Qxb3 Rc8 22. Bb4 Qb6 23. Qd3 a5 24. Bd2 Qc5 25. Bd1 g6 26. Kf1 Qc7 27. Rc1 Qxc1 28. Bxc1 Rxc1 29. Ke2 Nd7 30. Qb5 Nf6 31. f3 Rc5 32. Qb7 h5 33. h4 Kg7 34. Kd3 Rc1 35. Kd2 Rc4 36. Qa6 Rc5 37. Ba4 Be7 38. Bb5 Nh7 39. a4 f5 40. Qxa5 fxe4 41. fxe4 Bxh4 42. Qa7+ Kh6 43. Qb8 Nf6 44. Bd3 Ra5 45. Bc2 Bf2 46. Qxd6 Ng4 47. Qf8+ Kh7 48. d6 Ra7 49. Bb3 Rg7 50. a5 Bc5 51. a6 Nh6 52. Qxg7+ Kxg7 53. d7 1-0

[Event "1st Masters, Pinamar ARG"]
[Site "?"]
[Date "2001.??.??"]
[Round "10"]
[White "Garcia Palermo, C."]
[Black "Ricardi, P."]
[Result "1/2-1/2"]
[WhiteElo "2470"]
[BlackElo "2550"]
[PlyCount "130"]
[EventDate "2001.??.??"]
[Source "www.chesslib.no"]
[SourceDate "2004.05.04"]

1. c4 Nf6 2. Nc3 e6 3. Nf3 b6 4. b3 Bb7 5. Bb2 c5 6. e3 Be7 7. Be2 O-O 8. O-O d5 9. cxd5 Nxd5 10. d4 Nxc3 11. Bxc3 Nc6 12. dxc5 Bxc5 13. Qc1 Bb4 14. a3 Bxc3 15. Qxc3 Qf6 16. Rfc1 Rfd8 17. Qxf6 gxf6 18. Rc3 Rac8 19. Rac1 Kf8 20. h3 Ne7 21. Kh2 Rxc3 22. Rxc3 Nd5 23. Rc2 Rc8 24. Rxc8+ Bxc8 25. Bd3 Nc3 26. g4 Bb7 27. Nd2 h6 28. Kg3 Bc6 29. f4 Kg7 30. Nb1 Nxb1 31. Bxb1 Bd5 32. b4 Bb3 33. Be4 Kf8 34. h4 Bd1 35. Bf3 Bc2 36. Kf2 Kg7 37. Ke2 f5 38. gxf5 exf5 39. Kd2 Ba4 40. Kc3 Kf6 41. Kd4 Bb3 42. Be2 Ke7 43. Ke5 Bc2 44. Kd5 Be4+ 45. Kc4 Kd6 46. Kb5 Kc7 47. Ka6 Kb8 48. Bc4 f6 49. Kb5 Kc7 50. Be2 Kb7 51. Kc4 Kc6 52. Kd4 Kd6 53. Bb5 Bc2 54. Ba6 Bb1 55. Bb7 Bc2 56. Bf3 Bb1 57. a4 Bc2 58. a5 Ba4 59. Be2 Bc2 60. Bf3 Ba4 61. Bg2 Bd1 62. Bd5 Be2 63. axb6 axb6 64. e4 fxe4 65. Bxe4 Bb5 1/2-1/2

[Event "URS Ch sf"]
[Site "Ivano Frankovsk"]
[Date "1982.??.??"]
[Round "?"]
[White "Vasiukov, Evgeni A"]
[Black "Makarichev, Sergey Y"]
[Result "1/2-1/2"]
[WhiteElo "2495"]
[BlackElo "2505"]
[PlyCount "40"]
[EventDate "1982.??.??"]
[Source "www.chesslib.no"]
[SourceDate "2004.05.04"]

1. c4 Nf6 2. Nc3 e6 3. Nf3 b6 4. e4 Bb7 5. Bd3 c5 6. O-O Nc6 7. Re1 Ng4 8. h3 Nge5 9. Nxe5 Nxe5 10. Bf1 Nc6 11. d3 Be7 12. g3 O-O 13. Bg2 d6 14. Rb1 Bf6 15. a3 Qd7 16. Bd2 Bd4 17. Ne2 Bf6 18. Nf4 Bd4 19. Ne2 Bf6 20. Nf4 Bd4 1/2-1/2

[Event "Montilla"]
[Site "Montilla"]
[Date "1977.??.??"]
[Round "2"]
[White "Garcia Padron, Jose"]
[Black "Andersson, Ulf"]
[Result "1-0"]
[WhiteElo "2425"]
[BlackElo "2565"]
[PlyCount "70"]
[EventDate "1977.08.??"]
[Source "ChessBase"]

1. c4 Nf6 2. Nc3 e6 3. Nf3 b6 4. e4 Bb7 5. Bd3 c5 6. O-O Nc6 7. Re1 d6 8. Bc2 Be7 9. d4 cxd4 10. Nxd4 Nxd4 11. Qxd4 O-O 12. b3 a6 13. Bb2 Qc7 14. Rac1 Rab8 15. Bb1 Rfe8 16. Kh1 Ba8 17. f4 Qb7 18. Re2 Rbd8 19. Na4 b5 20. cxb5 axb5 21. Nb6 e5 22. Qg1 exf4 23. Nxa8 Rxa8 24. Qf2 Ng4 25. Qxf4 Ne5 26. Bxe5 dxe5 27. Qxe5 Ba3 28. Rc7 Qb8 29. Qc3 Bd6 30. Rd7 Rc8 31. Qe1 Be5 32. Qf1 Rf8 33. g3 Ra7 34. Rd5 b4 35. Bd3 Rxa2 1-0

[Event "Tournament"]
[Site "Tashkent (Uzbekistan)"]
[Date "1983.??.??"]
[Round "?"]
[White "Lerner, Konstantin Z"]
[Black "Nadyrhanov, Sergey"]
[Result "1/2-1/2"]
[WhiteElo "2525"]
[BlackElo "2460"]
[PlyCount "54"]
[EventDate "1983.??.??"]
[Source "www.chesslib.no"]
[SourceDate "2004.05.04"]

1. c4 Nf6 2. Nc3 e6 3. Nf3 b6 4. e4 Bb7 5. Bd3 c5 6. Bc2 d6 7. d4 cxd4 8. Nxd4 a6 9. O-O Be7 10. b3 O-O 11. Bb2 Nbd7 12. Qe2 Qc7 13. Kh1 Rfe8 14. f4 Bf8 15. Rae1 Rad8 16. Nf3 g6 17. e5 Nh5 18. Ng5 Bg7 19. Nxh7 dxe5 20. fxe5 Bxe5 21. Rxf7 Kxf7 22. Bxg6+ Kxg6 23. Qg4+ Kxh7 24. Qxh5+ Kg8 25. Qg6+ Kh8 26. Qh6+ Kg8 27. Qg5+ Kf7 1/2-1/2

[Event "NED-ch33"]
[Site "Leeuwarden NED"]
[Date "1978.??.??"]
[Round "6"]
[White "Ree, Hans"]
[Black "Ligterink, Gert"]
[Result "1/2-1/2"]
[WhiteElo "2500"]
[BlackElo "2440"]
[PlyCount "57"]
[EventDate "1978.??.??"]
[Source "www.chesslib.no"]
[SourceDate "2004.05.04"]

1. c4 Nf6 2. Nc3 e6 3. Nf3 b6 4. g3 Bb7 5. Bg2 Be7 6. O-O O-O 7. Re1 c5 8. e4 d6 9. d4 cxd4 10. Nxd4 Qd7 11. b3 a6 12. Ba3 Nc6 13. Rc1 Rfd8 14. Nxc6 Qxc6 15. Qe2 Bf8 16. Bb2 Nd7 17. f4 b5 18. cxb5 Qb6+ 19. Kh1 axb5 20. a3 b4 21. Na4 Qa5 22. Red1 bxa3 23. Bxa3 Nb6 24. Rd4 Nxa4 25. Rxa4 Qb6 26. Rb4 Qa7 27. Ra4 Qb6 28. Rb4 Qa7 29. Ra4 1/2-1/2

[Event "Madonna di Campiglio"]
[Site "Madonna di Campiglio"]
[Date "1973.??.??"]
[Round "?"]
[White "Lengyel, Levente"]
[Black "Matanovic, Aleksandar"]
[Result "1/2-1/2"]
[WhiteElo "2450"]
[BlackElo "2490"]
[PlyCount "58"]
[EventDate "1973.??.??"]
[Source "www.chesslib.no"]
[SourceDate "2004.05.04"]

1. c4 Nf6 2. Nc3 e6 3. Nf3 b6 4. e4 Bb7 5. d3 d6 6. g3 c5 7. Bg2 Be7 8. O-O O-O 9. Re1 Nc6 10. d4 e5 11. dxe5 dxe5 12. Nd5 Ne8 13. a3 Nc7 14. b4 Bd6 15. Bb2 Re8 16. Qb3 Ne6 17. Rab1 Qb8 18. Bc3 Bf8 19. Qd1 f6 20. Nh4 Qd8 21. f4 Bc8 22. b5 Ncd4 23. a4 Bd6 24. f5 Nc7 25. Ne3 a5 26. Bf1 Bb7 27. Bd3 Re7 28. Rb2 Rd7 29. Nhg2 Ne8 1/2-1/2

[Event "Budapest"]
[Site "Budapest"]
[Date "1982.??.??"]
[Round "3"]
[White "Uhlmann, Wolfgang"]
[Black "Yudasin, Leonid"]
[Result "1/2-1/2"]
[WhiteElo "2515"]
[BlackElo "2405"]
[PlyCount "42"]
[EventDate "1982.06.??"]
[Source "ChessBase"]

1. c4 Nf6 2. Nc3 e6 3. Nf3 b6 4. e4 Bb7 5. e5 Ne4 6. Qc2 Nxc3 7. Qxc3 Nc6 8. a3 d6 9. d4 a5 10. Be2 h6 11. O-O dxe5 12. dxe5 Bc5 13. Be3 Qe7 14. Rad1 O-O 15. Bxc5 Qxc5 16. Rd7 Rac8 17. Rfd1 Rfe8 18. h3 Re7 19. R7d2 Ree8 20. Kf1 a4 21. Rd7 Na5 1/2-1/2

[Event "Cannes"]
[Site "Cannes"]
[Date "1986.??.??"]
[Round "5"]
[White "Adorjan, Andras"]
[Black "Miralles, Gilles"]
[Result "1/2-1/2"]
[WhiteElo "2555"]
[BlackElo "2360"]
[PlyCount "29"]
[EventDate "1986.02.??"]
[Source "ChessBase"]

1. c4 Nf6 2. Nc3 e6 3. Nf3 b6 4. e4 Bb7 5. Bd3 d6 6. Bc2 c5 7. d4 cxd4 8. Nxd4 a6 9. b3 Be7 10. O-O O-O 11. Bb2 Nbd7 12. Qd3 Qc7 13. Qh3 Rfc8 14. Rad1 Bf8 15. a4 1/2-1/2

[Event "Brasilia"]
[Site "Brasilia"]
[Date "1981.??.??"]
[Round "?"]
[White "Lucena, Lincoln"]
[Black "Andersson, Ulf"]
[Result "1/2-1/2"]
[WhiteElo "2295"]
[BlackElo "2610"]
[PlyCount "95"]
[EventDate "1981.03.??"]
[Source "ChessBase"]

1. c4 Nf6 2. Nc3 e6 3. Nf3 b6 4. e4 Bb7 5. Bd3 c5 6. Bc2 Nc6 7. d4 cxd4 8. Nxd4 Nxd4 9. Qxd4 Bc5 10. Qd1 Qc7 11. Qe2 Ba6 12. Bd3 Bd4 13. Nb5 Bxb5 14. cxb5 O-O 15. O-O Rad8 16. Bg5 d5 17. Rad1 Qe5 18. Bxf6 Qxf6 19. b3 g6 20. g3 Rd7 21. Kg2 Rfd8 22. h4 dxe4 23. Bxe4 Bc5 24. Bf3 h5 25. Rxd7 Rxd7 26. Rd1 Rxd1 27. Qxd1 Qb2 28. Qe2 Qd4 29. Bc6 e5 30. Qf3 Kg7 31. Be8 f6 32. Bc6 Qd2 33. Bd5 f5 34. Bc4 e4 35. Qe2 Qd4 36. a4 Qc3 37. Qd1 Bd4 38. Qe2 Kf6 39. f3 Ke5 40. fxe4 fxe4 41. Bf7 g5 42. hxg5 Qc1 43. Qxh5 Qg1+ 44. Kh3 Qf1+ 45. Kh4 Qh1+ 46. Kg4 Qf3+ 47. Kh4 Qh1+ 48. Kg4 1/2-1/2

[Event "Campillos, ESP"]
[Site "?"]
[Date "2005.02.25"]
[Round "8.7"]
[White "Suba Mihail"]
[Black "Matnadze Ana"]
[Result "1/2-1/2"]
[WhiteElo "2529"]
[BlackElo "2376"]
[PlyCount "96"]
[EventDate "2005.??.??"]
[Source "www.chesslib.no"]
[SourceDate "2004.05.04"]

1. c4 Nf6 2. Nc3 e6 3. Nf3 b6 4. e4 Bb7 5. Bd3 c5 6. Bc2 Nc6 7. O-O e5 8. Ba4 d6 9. d3 Be7 10. b4 cxb4 11. Nd5 O-O 12. Bxc6 Bxc6 13. Nxb4 Bd7 14. a4 a6 15. Bd2 Qc7 16. Qe2 Be6 17. Rfc1 Rfc8 18. h3 Nd7 19. a5 bxa5 20. Nd5 Bxd5 21. Bxa5 Qa7 22. exd5 Bd8 23. Bxd8 Rxd8 24. Ra3 Re8 25. Ng5 h6 26. Ne4 f5 27. Ng3 g6 28. h4 Rf8 29. Qe3 Kh7 30. h5 g5 31. Qxa7 Rxa7 32. Rb1 Kg7 33. d4 exd4 34. Ne2 d3 35. Rxd3 Nc5 36. Ra3 Re8 37. Nd4 Rf7 38. Rb6 Re4 39. Nb3 Re1+ 40. Kh2 Ne4 41. f3 Nf2 42. Ra1 Rfe7 43. Rxd6 Rxa1 44. Nxa1 Re1 45. Nc2 Rh1+ 46. Kg3 Rf1 47. Kh2 Rh1+ 48. Kg3 Rf1 1/2-1/2

[Event "YUG-ch35"]
[Site "?"]
[Date "1980.02.??"]
[Round "4"]
[White "Sahovic Dragutin"]
[Black "Abramovic Bosko"]
[Result "1/2-1/2"]
[WhiteElo "2485"]
[BlackElo "2415"]
[PlyCount "129"]
[EventDate "1980.??.??"]
[Source "www.chesslib.no"]
[SourceDate "2004.05.04"]

1. c4 Nf6 2. Nc3 e6 3. Nf3 b6 4. e4 Bb7 5. Qe2 Bb4 6. e5 Ng8 7. d4 Ne7 8. Bd2 O-O 9. a3 Bxc3 10. Bxc3 d5 11. exd6 cxd6 12. b4 Nd7 13. Qd3 Rc8 14. Be2 Ba6 15. b5 Bb7 16. O-O d5 17. cxd5 Bxd5 18. Bb4 Bc4 19. Qd2 Bxe2 20. Qxe2 Re8 21. Rfc1 Nd5 22. Rc4 Nf4 23. Qc2 Rxc4 24. Qxc4 Qc8 25. Qb3 Qc7 26. g3 Nd5 27. Bd2 Rc8 28. Rc1 Qb7 29. Rc4 a6 30. Ne5 axb5 31. Rxc8+ Qxc8 32. Qxb5 Nb8 33. a4 f6 34. Nc4 Qc6 35. Kf1 Qxb5 36. axb5 Nd7 37. Ke2 g5 38. Kd3 Kf7 39. Ne3 Nc7 40. Kc4 f5 41. Bb4 Nf6 42. f3 Nfd5 43. Bd2 Nxe3+ 44. Bxe3 g4 45. fxg4 fxg4 46. Bg5 Ke8 47. Bf4 Kd7 48. Bd2 Ne8 49. Bf4 Nd6+ 50. Kb4 Ke7 51. Bg5+ Ke8 52. Bf4 Kd7 53. Bg5 Ne4 54. Bf4 Nf6 55. Kc4 Nd5 56. Bg5 Ke8 57. Kd3 Nc7 58. Kc4 Nd5 59. Kd3 Kf7 60. Bd8 h6 61. Ke4 Ke8 62. Bxb6 Nxb6 63. Kf4 Nd5+ 64. Kxg4 Nf6+ 65. Kh4 1/2-1/2